LDR 00936naa#a2200193#i#450# 001 RU\\bibl\125506 005 20260703153259.5 011 ## _a2658-4026 100 ## _a20260630b2026####ek#y0rusy0150####ca 102 ## _aRU 200 1# _aОпыт построения шкал психологического тестирования для операторов эргатической системы _eЖурнальная статья 210 1# _aБрянск _cБрянский государственный технический университет _d2026 215 ## _a6 с. 608 ## _aЖурнальная статья _2local 675 ## _aИскусственный интеллект. 004.8 _aЭргономика. 331.101.1 _z 700 #1 _aТуровский _gЯрослав Александрович 700 #1 _aРублева _gЕва Романовна 700 #1 _aТищенко _gВалерия Андреевна 856 4# _azh-szf.ru _u